[Event "Bogota Kallpa op"]
[Site "Bogota"]
[Date "2025.06.29"]
[Round "6"]
[White "Rubiano Peralta, Luis Emmanuel"]
[Black "Bejarano Urrego, Dany Andres"]
[Result "0-1"]
[WhiteElo "1743"]
[BlackElo "1917"]
[PlyCount "56"]
[EventDate "2025.06.25"]
[EventType "swiss"]
[EventRounds "6"]
[EventCountry "COL"]
[SourceTitle "CB27_2025"]
[SourceDate "2025.07.02"]
[SourceVersion "1"]
[SourceVersionDate "2025.07.02"]
[SourceQuality "1"]

1. e4 e6 2. d4 d5 3. e5 c5 4. c3 Nc6 5. Nf3 Bd7 6. Be2 Nge7 7. 0-0 Nf5 8. a3 Qb6 9. Kh1 cxd4 10. cxd4 Ncxd4 11. Nc3 Nxe2 12. Qxe2 d4 13. Ne4 Bb5 14. Qd1 Bxf1 15. g4 Qc6 16. Qxf1 Qxe4 17. Qb5+ Kd8 18. gxf5 Qxf3+ 19. Kg1 Qc6 20. Qd3 exf5 21. Qxd4+ Ke8 22. Bg5 Be7 23. Bxe7 Kxe7 24. Qb4+ Ke6 25. Qb3+ Qd5 26. Qg3 Rhd8 27. Rc1 Rac8 28. Rxc8 Rxc8 0-1

[Event "Bogota Kallpa op"]
[Site "Bogota"]
[Date "2025.06.27"]
[Round "2"]
[White "Rubiano Peralta, Luis Emmanuel"]
[Black "Dominguez Rincon, Miller Duvan"]
[Result "0-1"]
[WhiteElo "1743"]
[BlackElo "2016"]
[PlyCount "113"]
[EventDate "2025.06.25"]
[EventType "swiss"]
[EventRounds "6"]
[EventCountry "COL"]
[SourceTitle "CB27_2025"]
[SourceDate "2025.07.02"]
[SourceVersion "1"]
[SourceVersionDate "2025.07.02"]
[SourceQuality "1"]

1. e4 c5 2. Nf3 e6 3. d4 cxd4 4. Nxd4 Nc6 5. Nc3 Qc7 6. a3 a6 7. Be3 Nf6 8. Be2 Be7 9. f3 b5 10. Qd2 Ne5 11. Na2 Bb7 12. Nb4 Rc8 13. 0-0 0-0 14. Rac1 Rfd8 15. Bf4 d6 16. a4 Nc4 17. Bxc4 bxc4 18. Ne2 Qd7 19. c3 Qxa4 20. Ra1 Qb5 21. Nd4 Qd7 22. Be3 d5 23. e5 Bxb4 24. exf6 Bc5 25. Nf5 Qc7 26. Nxg7 Qf4 27. Rfe1 Bxe3+ 28. Rxe3 Qxf6 29. Nh5 Qg5 30. g4 e5 31. h4 Qh6 32. Qe2 f6 33. f4 e4 34. g5 fxg5 35. hxg5 Qb6 36. Nf6+ Kg7 37. Kf2 d4 38. cxd4 Rxd4 39. Rh1 Rh8 40. Rh6 Qc5 41. Kf1 Qf5 42. Nh5+ Kg8 43. Nf6+ Kf7 44. Qh5+ Kg7 45. Ne8+ Rxe8 46. Rf6 Qd7 47. Qh6+ Kg8 48. g6 Rd1+ 49. Kf2 Qd2+ 50. Re2 e3+ 51. Kg3 Rg1+ 52. Kh4 Rh1+ 53. Kg5 Qd5+ 54. f5 Rxh6 55. Kxh6 Qh1+ 56. Kg5 h6+ 57. Kg4 0-1

[Event "Bogota Kallpa op"]
[Site "Bogota"]
[Date "2025.06.25"]
[Round "5"]
[White "Murillo Loreo, Oscar Miguel"]
[Black "Rubiano Peralta, Luis Emmanuel"]
[Result "1-0"]
[WhiteElo "1953"]
[BlackElo "1743"]
[PlyCount "107"]
[EventDate "2025.06.25"]
[EventType "swiss"]
[EventRounds "6"]
[EventCountry "COL"]
[SourceTitle "CB27_2025"]
[SourceDate "2025.07.02"]
[SourceVersion "1"]
[SourceVersionDate "2025.07.02"]
[SourceQuality "1"]

1. d4 d5 2. Nf3 Nf6 3. Bf4 e6 4. e3 c5 5. c3 Nc6 6. Nbd2 Bd6 7. Bg3 0-0 8. Ne5 Qc7 9. f4 b6 10. Bd3 Bb7 11. 0-0 Ne7 12. Rf3 Nf5 13. Be1 Be7 14. Rh3 g6 15. g4 Nd6 16. Bh4 Nfe4 17. Qe1 f5 18. Bxe7 Qxe7 19. g5 c4 20. Bc2 Bc8 21. Ndf3 Bd7 22. Rh6 Kg7 23. h4 Be8 24. Kg2 b5 25. a3 a5 26. h5 gxh5 27. Qh4 Rh8 28. Bd1 Bg6 29. Nxg6 hxg6 30. Ne5 Qe8 31. Rxg6+ Qxg6 32. Nxg6 Kxg6 33. Be2 Ra7 34. Rh1 Rah7 35. a4 b4 36. cxb4 axb4 37. Qe1 c3 38. bxc3 bxc3 39. a5 h4 40. a6 Ng3 41. Rh2 Nxe2 42. Qxe2 h3+ 43. Kf3 Rc7 44. Qc2 Ne4 45. Rh1 Rb8 46. Rh2 Rb2 47. Qxb2 cxb2 48. Rxb2 Rc6 49. Ra2 Nc3 50. a7 Rc8 51. a8Q Rxa8 52. Rxa8 Ne4 53. Rh8 Nd2+ 54. Ke2 1-0

[Event "COL-ch U20"]
[Site "Bogota"]
[Date "2025.02.02"]
[Round "9"]
[White "Rubiano Peralta, Luis Emmanuel"]
[Black "Perez Valero, Andres Gabriel"]
[Result "1/2-1/2"]
[WhiteElo "1825"]
[BlackElo "1664"]
[PlyCount "78"]
[EventDate "2025.01.29"]
[EventType "tourn"]
[EventRounds "9"]
[EventCountry "COL"]
[SourceTitle "CB06_2025"]
[SourceDate "2025.02.05"]
[SourceVersion "1"]
[SourceVersionDate "2025.02.05"]
[SourceQuality "1"]

1. e4 e6 2. d4 d5 3. e5 c5 4. c3 Nc6 5. Nf3 Qb6 6. a3 Nge7 7. b4 cxd4 8. cxd4 Nf5 9. Bb2 Bd7 10. Be2 Be7 11. 0-0 0-0 12. Bd3 Kh8 13. Bxf5 exf5 14. Nc3 Be6 15. Rc1 Rfc8 16. Na4 Qd8 17. Nc5 b6 18. Nxe6 fxe6 19. Qa4 Qd7 20. Rc2 Nxe5 21. Qxd7 Nxd7 22. Re2 Nf8 23. Ne5 Kg8 24. b5 Bf6 25. Nc6 Kf7 26. a4 a6 27. Bc3 Nd7 28. Rfe1 Re8 29. g3 Nb8 30. Nb4 a5 31. Nxd5 Bd8 32. Nf4 Nd7 33. Nxe6 Bf6 34. Bb2 Rac8 35. Ba3 Rc3 36. Bb2 Rb3 37. Bc1 Rc8 38. Ng5+ Kg6 39. Ne6 Rb1 1/2-1/2

[Event "Bogota Navidad op"]
[Site "Bogota"]
[Date "2024.12.08"]
[Round "8"]
[White "Castaneda, Victor"]
[Black "Rubiano Peralta, Luis Emmanuel"]
[Result "0-1"]
[WhiteElo "1897"]
[BlackElo "1760"]
[PlyCount "80"]
[EventDate "2024.12.04"]
[EventType "swiss"]
[EventRounds "9"]
[EventCountry "COL"]
[SourceTitle "CB50_2024"]
[SourceDate "2024.11.01"]
[SourceVersion "1"]
[SourceVersionDate "2024.11.01"]
[SourceQuality "2"]

1. c4 e5 2. Nc3 Nf6 3. g3 d5 4. cxd5 Nxd5 5. Bg2 Nb6 6. d3 Nc6 7. Nf3 Be7 8. 0-0 0-0 9. Be3 Rb8 10. Qd2 f6 11. Rfc1 Be6 12. Bxb6 axb6 13. Qd1 Qd7 14. Nd2 Rfd8 15. Nb5 f5 16. Nc4 Bc5 17. Qc2 Nb4 18. Qa4 Ra8 19. Qb3 c6 20. Nc3 b5 21. Nb6 Qf7 22. Nbd5 Nxd5 23. Nxd5 Bxd5 24. Bxd5 Rxd5 25. Qc2 Bd6 26. Qb3 Rc5 27. Qxf7+ Kxf7 28. Rxc5 Bxc5 29. e3 f4 30. gxf4 exf4 31. d4 Be7 32. b3 f3 33. a4 Ke6 34. Kf1 Bd6 35. Ke1 bxa4 36. bxa4 b5 37. Kd2 bxa4 38. e4 a3 39. Ke3 a2 40. Kxf3 Bb4 0-1

[Event "Bogota Navidad op"]
[Site "Bogota"]
[Date "2024.12.07"]
[Round "6"]
[White "Mesa Baez, Samuel"]
[Black "Rubiano Peralta, Luis Emmanuel"]
[Result "1-0"]
[WhiteElo "2009"]
[BlackElo "1760"]
[PlyCount "77"]
[EventDate "2024.12.04"]
[EventType "swiss"]
[EventRounds "9"]
[EventCountry "COL"]
[SourceTitle "CB50_2024"]
[SourceDate "2024.11.01"]
[SourceVersion "1"]
[SourceVersionDate "2024.11.01"]
[SourceQuality "2"]

1. e4 c5 2. Nf3 Nc6 3. Bb5 g6 4. 0-0 Bg7 5. c3 e5 6. d3 Nge7 7. Bxc6 Nxc6 8. Be3 d6 9. Na3 0-0 10. d4 exd4 11. cxd4 Qe7 12. Nb5 a6 13. Nc3 Bg4 14. dxc5 dxc5 15. h3 Rfd8 16. Qe2 Bxf3 17. Qxf3 Nd4 18. Bxd4 Rxd4 19. Rfe1 Rad8 20. Rac1 Qe5 21. Nd5 f5 22. Qb3 fxe4 23. Nc7+ Kh8 24. Ne6 b5 25. Rxc5 Qf6 26. Nxd8 Rxd8 27. Rxe4 Qxb2 28. Qxb2 Bxb2 29. Re6 Bd4 30. Rc2 Ra8 31. Rcc6 Rf8 32. Re2 a5 33. Rd2 Bg7 34. Rc5 b4 35. Rxa5 Bc3 36. Rd3 Re8 37. Ra7 h5 38. g4 Be5 39. Re3 1-0

[Event "COL Intercollege op"]
[Site "Bogota"]
[Date "2024.11.22"]
[Round "4"]
[White "Duran Cardoso, Nicolas"]
[Black "Rubiano Peralta, Luis Emmanuel"]
[Result "1-0"]
[WhiteElo "1802"]
[BlackElo "1794"]
[PlyCount "95"]
[EventDate "2024.11.21"]
[EventType "swiss"]
[EventRounds "7"]
[EventCountry "COL"]
[SourceTitle "CB48_2024"]
[SourceDate "2024.11.28"]
[SourceVersion "1"]
[SourceVersionDate "2024.11.28"]
[SourceQuality "1"]

1. d4 d5 2. c4 e6 3. g3 Nf6 4. Bg2 Be7 5. Nf3 0-0 6. 0-0 c6 7. Qc2 b6 8. Nbd2 Bb7 9. b3 Nbd7 10. Bb2 Rc8 11. e4 dxe4 12. Nxe4 c5 13. Nxf6+ Nxf6 14. dxc5 Be4 15. Qc3 Bxc5 16. Rad1 Qe7 17. Ne5 Bb4 18. Qe3 Bxg2 19. Kxg2 Qb7+ 20. Qf3 Qxf3+ 21. Kxf3 Rfd8 22. h3 b5 23. cxb5 Nd5 24. Nc6 Re8 25. Rxd5 Rxc6 26. bxc6 exd5 27. Rd1 h6 28. Rxd5 Rc8 29. Rd4 Ba5 30. Rc4 Bc7 31. b4 Rb8 32. Bd4 a6 33. h4 f6 34. a4 Kf7 35. Ba7 Ra8 36. Be3 Rb8 37. Bf4 Bxf4 38. Kxf4 Ke6 39. b5 axb5 40. axb5 Kd5 41. c7 Rc8 42. Rc2 Kd6 43. b6 Kd7 44. h5 f5 45. Kxf5 g5 46. hxg6 Rf8+ 47. Kg4 h5+ 48. Kxh5 1-0

[Event "Bogota Distrito Capital op-B"]
[Site "Bogota"]
[Date "2024.09.21"]
[Round "4"]
[White "Rubiano Peralta, Luis Emmanuel"]
[Black "Bejarano Urrego, Dany Andres"]
[Result "0-1"]
[WhiteElo "1755"]
[BlackElo "1934"]
[PlyCount "80"]
[EventDate "2024.09.19"]
[EventType "swiss"]
[EventRounds "7"]
[EventCountry "COL"]
[SourceTitle "EXT 2025"]
[Source "ChessBase"]
[SourceDate "2024.10.14"]
[SourceVersion "1"]
[SourceVersionDate "2024.10.14"]
[SourceQuality "1"]

1. e4 e6 2. d4 d5 3. e5 c5 4. c3 Nc6 5. Nf3 Bd7 6. a3 f6 7. exf6 Nxf6 8. Bd3 cxd4 9. cxd4 Bd6 10. 0-0 0-0 11. Nc3 Be8 12. Re1 Bh5 13. Be2 a6 14. Ng5 Bf7 15. Bg4 Nxg4 16. Qxg4 Qf6 17. Nf3 Rae8 18. Qg5 Qxg5 19. Bxg5 Bh5 20. Rad1 Bxf3 21. gxf3 Rxf3 22. Bh4 Rf5 23. b4 g5 24. Bg3 Bf8 25. b5 Na5 26. bxa6 bxa6 27. Re2 Bxa3 28. Ra1 Nc4 29. Nb1 Rf3 30. Nxa3 Nxa3 31. Rea2 Nb5 32. Rxa6 Nxd4 33. Be5 Rd3 34. Kg2 Nf5 35. Bf6 h6 36. Re1 Kf7 37. Bb2 Nh4+ 38. Kh1 e5 39. Re2 e4 40. Rxe4 Rd1+ 0-1

[Event "Bogota Distrito Capital op-B"]
[Site "Bogota"]
[Date "2024.09.20"]
[Round "3"]
[White "Salcedo Paez, Diana"]
[Black "Rubiano Peralta, Luis Emmanuel"]
[Result "1/2-1/2"]
[WhiteElo "1945"]
[BlackElo "1755"]
[PlyCount "64"]
[EventDate "2024.09.19"]
[EventType "swiss"]
[EventRounds "7"]
[EventCountry "COL"]
[SourceTitle "EXT 2025"]
[Source "ChessBase"]
[SourceDate "2024.10.14"]
[SourceVersion "1"]
[SourceVersionDate "2024.10.14"]
[SourceQuality "1"]

1. c4 e5 2. Nc3 Nf6 3. Nf3 Nc6 4. a3 d5 5. cxd5 Nxd5 6. Qc2 Be7 7. g3 0-0 8. Bg2 Be6 9. 0-0 Qd7 10. b4 f6 11. Bb2 a6 12. Rac1 Rfd8 13. d3 Rac8 14. Na4 Kh8 15. Rfd1 Ncxb4 16. axb4 Nxb4 17. Nc5 Qb5 18. Qa4 Qxa4 19. Nxa4 Bb3 20. Nc3 Bxd1 21. Nxd1 b6 22. Bh3 Ra8 23. Rxc7 Bc5 24. Nc3 a5 25. Nh4 Na6 26. Rf7 Rf8 27. Rb7 Rfb8 28. Rd7 Rd8 29. Rf7 Rf8 30. Rb7 g6 31. Nf5 Kg8 32. Nh6+ Kh8 1/2-1/2

[Event "Bogota Distrito Capital op-B"]
[Site "Bogota"]
[Date "2024.09.19"]
[Round "1"]
[White "Villamil Alarcon, Hector Orlando"]
[Black "Rubiano Peralta, Luis Emmanuel"]
[Result "1-0"]
[WhiteElo "1977"]
[BlackElo "1755"]
[PlyCount "41"]
[EventDate "2024.09.19"]
[EventType "swiss"]
[EventRounds "7"]
[EventCountry "COL"]
[SourceTitle "EXT 2025"]
[Source "ChessBase"]
[SourceDate "2024.10.14"]
[SourceVersion "1"]
[SourceVersionDate "2024.10.14"]
[SourceQuality "1"]

1. e4 c5 2. Nf3 Nc6 3. d4 cxd4 4. Nxd4 Nf6 5. Nc3 d6 6. Be2 e6 7. Be3 Be7 8. Qd2 a6 9. 0-0-0 Bd7 10. g4 Nxd4 11. Qxd4 e5 12. Qb6 Bc6 13. f3 d5 14. Qxd8+ Rxd8 15. Bb6 Rd7 16. g5 dxe4 17. gxf6 exf3 18. Rxd7 Bxf6 19. Rc7 0-0 20. Rxc6 fxe2 21. Rxf6 1-0

[Event "Bogota Ventura Cup"]
[Site "Bogota"]
[Date "2024.08.18"]
[Round "3"]
[White "Osorio Polania, Hugo"]
[Black "Rubiano Peralta, Luis Emmanuel"]
[Result "1-0"]
[WhiteElo "2010"]
[BlackElo "1669"]
[PlyCount "98"]
[EventDate "2024.08.18"]
[EventType "swiss"]
[EventRounds "6"]
[EventCountry "COL"]
[SourceTitle "CBM 221 Extra"]
[Source "ChessBase"]
[SourceDate "2024.09.30"]
[SourceVersion "1"]
[SourceVersionDate "2024.09.30"]
[SourceQuality "1"]

1. Nf3 Nf6 2. c4 c5 3. g3 g6 4. b3 Bg7 5. Bb2 0-0 6. Bg2 Nc6 7. 0-0 e6 8. d4 cxd4 9. Nxd4 d5 10. cxd5 exd5 11. Nd2 Qb6 12. e3 Bg4 13. Qb1 Qb4 14. N2f3 Ne4 15. Nxc6 bxc6 16. Bxg7 Kxg7 17. a3 Qd6 18. h3 Bxf3 19. Bxf3 f5 20. Qb2+ Qf6 21. Qxf6+ Rxf6 22. Bxe4 fxe4 23. Rfc1 Kf7 24. Rc5 Ke7 25. Rac1 Kd7 26. b4 a6 27. R1c2 Kc7 28. Rxd5 Re8 29. Rd4 Re7 30. h4 h5 31. Kf1 Kb6 32. Rc5 Ref7 33. Rd2 Re6 34. Ke1 Rf8 35. a4 Rb8 36. Rd7 Rb7 37. Rd4 Rf7 38. a5+ Kc7 39. Rcc4 Ref6 40. Rxe4 Rxf2 41. Rf4 R2xf4 42. Rxf4 Re7 43. Ke2 Re6 44. Rf7+ Kd6 45. Ra7 Re4 46. Rxa6 Rxb4 47. Ra8 Kc7 48. Rg8 Rg4 49. Rg7+ Kb8 1-0

[Event "Bogota District-ch"]
[Site "Bogota"]
[Date "2024.04.20"]
[Round "4"]
[White "Estrada Velandia, Henry Andres"]
[Black "Rubiano Peralta, Luis Emmanuel"]
[Result "0-1"]
[WhiteElo "1896"]
[BlackElo "1594"]
[PlyCount "56"]
[EventDate "2024.04.17"]
[EventType "swiss"]
[EventRounds "7"]
[EventCountry "COL"]
[SourceTitle "CBM 220 Extra"]
[Source "ChessBase"]
[SourceDate "2024.07.31"]
[SourceVersion "1"]
[SourceVersionDate "2024.07.31"]
[SourceQuality "1"]

1. d4 d5 2. c4 e6 3. Nc3 Nf6 4. cxd5 exd5 5. Bg5 Be7 6. e3 0-0 7. Bd3 c6 8. Nge2 Nbd7 9. a3 Ne4 10. Bf4 Ndf6 11. 0-0 Bd6 12. Na4 b5 13. Nac3 Bg4 14. f3 Nxc3 15. bxc3 Bh5 16. Bg5 h6 17. Bh4 Re8 18. e4 dxe4 19. fxe4 Bxh2+ 20. Kh1 g5 21. Kxh2 gxh4 22. Rf4 Ng4+ 23. Kg1 Qg5 24. Qf1 h3 25. g3 Kh8 26. Qxh3 Rg8 27. e5 Nxe5 28. Rf5 Qe3+ 0-1

[Event "Bogota District-ch"]
[Site "Bogota"]
[Date "2024.04.18"]
[Round "2"]
[White "Gutierrez Pinzon, Cristian Gustavo"]
[Black "Rubiano Peralta, Luis Emmanuel"]
[Result "0-1"]
[WhiteElo "1837"]
[BlackElo "1594"]
[PlyCount "28"]
[EventDate "2024.04.17"]
[EventType "swiss"]
[EventRounds "7"]
[EventCountry "COL"]
[SourceTitle "CBM 220 Extra"]
[Source "ChessBase"]
[SourceDate "2024.07.31"]
[SourceVersion "1"]
[SourceVersionDate "2024.07.31"]
[SourceQuality "1"]

1. e4 c5 2. Nf3 Nc6 3. d4 cxd4 4. Nxd4 Nf6 5. Nc3 d6 6. Bc4 e6 7. Be3 Be7 8. f3 a6 9. a4 Qc7 10. Nxc6 Qxc6 11. Qd3 Nd7 12. 0-0 Ne5 13. Rfd1 Qxc4 14. Qxc4 Nxc4 0-1

[Event "Bogota Centro Comercial op 2nd"]
[Site "Bogota"]
[Date "2024.04.14"]
[Round "4"]
[White "Barrios, Hernando"]
[Black "Rubiano Peralta, Luis Emmanuel"]
[Result "0-1"]
[WhiteElo "1963"]
[BlackElo "1691"]
[PlyCount "153"]
[EventDate "2024.04.14"]
[EventType "swiss"]
[EventRounds "7"]
[EventCountry "COL"]
[SourceTitle "CBM 219 Extra"]
[Source "ChessBase"]
[SourceDate "2024.05.31"]
[SourceVersion "1"]
[SourceVersionDate "2024.05.31"]
[SourceQuality "1"]

1. d4 d5 2. c4 e6 3. Nc3 Nf6 4. cxd5 exd5 5. Bg5 Be7 6. Qc2 c6 7. e3 h6 8. Bh4 0-0 9. Bd3 Nbd7 10. Nge2 Re8 11. 0-0 Bd6 12. h3 Qc7 13. Rae1 a5 14. a4 b6 15. Bg3 Bxg3 16. Nxg3 Ba6 17. Bxa6 Rxa6 18. Nf5 Ra7 19. f3 Rb7 20. e4 dxe4 21. fxe4 c5 22. Nb5 Qb8 23. Nfd6 Re6 24. Nxb7 Qxb7 25. d5 Re7 26. Nc3 Ne5 27. Rf5 Nc4 28. b3 Nd6 29. Rf4 Re5 30. Qf2 Qe7 31. Qf3 Nxd5 32. Nxd5 Rxd5 33. exd5 Qxe1+ 34. Kh2 Qe5 35. Kg1 g5 36. Rg4 f5 37. Rg3 Ne4 38. d6 Qxd6 39. Rg4 fxg4 40. Qxe4 gxh3 41. Qa8+ Kg7 42. Qb7+ Kg6 43. Qe4+ Kf7 44. Qf5+ Kg7 45. Qxh3 Qd4+ 46. Kh1 Qa1+ 47. Kh2 Qe5+ 48. Kh1 Qe1+ 49. Kh2 Qh4 50. Qxh4 gxh4 51. Kh3 Kg6 52. Kxh4 h5 53. Kg3 Kg5 54. Kf3 Kf5 55. g3 Ke5 56. Ke3 Kd5 57. Kd3 Kd6 58. Ke4 Ke6 59. Kf4 Kf6 60. Ke4 Kg5 61. Kf3 Kf5 62. Kf2 Ke4 63. Ke2 Kd4 64. Kd2 c4 65. bxc4 Kxc4 66. Ke3 Kb4 67. Kf4 Kxa4 68. Kg5 b5 69. Kxh5 b4 70. g4 b3 71. g5 b2 72. g6 b1Q 73. Kh6 Kb5 74. g7 Qg1 75. Kh7 a4 76. g8Q Qxg8+ 77. Kxg8 0-1

[Event "Calle rapid op"]
[Site "Calle"]
[Date "2024.03.10"]
[Round "3"]
[White "Valle, Efrain"]
[Black "Rubiano Peralta, Luis Emmanuel"]
[Result "0-1"]
[WhiteElo "2043"]
[BlackElo "1693"]
[PlyCount "84"]
[EventDate "2024.03.10"]
[EventType "swiss (rapid)"]
[EventRounds "6"]
[EventCountry "COL"]
[SourceTitle "CBM 219 Extra"]
[Source "ChessBase"]
[SourceDate "2024.05.31"]
[SourceVersion "1"]
[SourceVersionDate "2024.05.31"]
[SourceQuality "1"]

1. e4 Nc6 2. Nf3 d6 3. g3 Nf6 4. d3 e5 5. Bg2 Be7 6. h3 0-0 7. Be3 d5 8. exd5 Nxd5 9. Qc1 f5 10. Bg5 e4 11. Bxe7 Qxe7 12. Qg5 exf3+ 13. Qxe7 Ndxe7 14. Bxf3 Nd4 15. Bd1 f4 16. g4 f3 17. c3 Ndc6 18. Nd2 Ne5 19. Bc2 Be6 20. 0-0-0 N7g6 21. Rde1 Bd5 22. c4 Bf7 23. Re4 c5 24. Rhe1 Rae8 25. Ba4 Nxd3+ 26. Kb1 Rxe4 27. Rxe4 Nxf2 28. Re3 Nh4 29. Nxf3 Nxf3 30. Rxf3 Bg6+ 31. Rf5 Bxf5+ 32. gxf5 Rxf5 33. Kc2 Nxh3 34. Bd7 Rf2+ 35. Kb3 Nf4 36. Bc8 b6 37. Ka3 Nd3 38. Be6+ Kf8 39. b3 Nc1 40. Ka4 a6 41. a3 Na2 42. b4 Rb2 0-1

[Event "Bogota El Tablazo op-B"]
[Site "Bogota"]
[Date "2022.06.26"]
[Round "5.36"]
[White "Rubiano Peralta, Luis Emmanuel"]
[Black "Galeano Reyes, Juan Esteban"]
[Result "1/2-1/2"]
[WhiteElo "1500"]
[BlackElo "1244"]
[PlyCount "95"]
[EventDate "2022.06.24"]
[EventType "swiss"]
[EventRounds "7"]
[EventCountry "COL"]
[SourceTitle "EXT 2024"]
[Source "ChessBase"]
[SourceDate "2023.10.10"]
[SourceVersion "1"]
[SourceVersionDate "2023.10.10"]
[SourceQuality "1"]

1. e4 c5 2. Nf3 Nc6 3. d4 cxd4 4. Nxd4 Qb6 5. Nxc6 bxc6 6. Nc3 e6 7. Bd3 Bb4 8. Be3 Bxc3+ 9. bxc3 Qc7 10. 0-0 Nf6 11. Qf3 d5 12. Bd4 e5 13. Bc5 h5 14. h3 Be6 15. Rfe1 Kd7 16. Qe3 Rae8 17. Bxa7 dxe4 18. Ba6 Nd5 19. Red1 Ke7 20. Bc5+ Kf6 21. Qxe4 Qa5 22. Qf3+ Bf5 23. g4 hxg4 24. hxg4 Nf4 25. Rd6+ Be6 26. Rxc6 Kg5 27. Be3 Bxg4 28. Bxf4+ exf4 29. Qd3 Bf5 30. Qd4 Qe5 31. Qxe5 Rxe5 32. Rc7 Kg6 33. Bd3 Bxd3 34. cxd3 Rg5+ 35. Kf1 Rh1+ 36. Ke2 Rxa1 37. Ra7 Rgg1 38. c4 Rgb1 39. a4 Rb2+ 40. Kf3 Rba2 41. c5 Rxa4 42. Rb7 Ra7 43. Rb6+ f6 44. Ke4 Kf7 45. Kd5 Rc1 46. c6 Rxc6 47. Rxc6 g5 48. Ke4 1/2-1/2